Chain Reaction Quiz Stats

Quiz not verified by Sporcle

Challenge
Share
Tweet
word game ball room key chain reation
Score 0/7 Timer 04:00
0 Plays Today
Hint Chain Word % Correct
????
100%
????
85.2%
????
83.3%
????
64.8%
????
64.7%
????
55.8%
????
50.5%

You're not logged in!

Compare scores with friends on all Sporcle quizzes.
Sign Up with Email
OR
Log In

You Might Also Like...

Show Comments

Extras

Top Quizzes Today


Score Distribution

Your Account Isn't Verified!

In order to create a playlist on Sporcle, you need to verify the email address you used during registration. Go to your Sporcle Settings to finish the process.